| 000 | 00487nam a22001337a 4500 | ||
|---|---|---|---|
| 040 | _cNUST | ||
| 082 | _a220 PRO | ||
| 100 |
_aMuhammad Mujtaba Ibrahim Riaz Ali Shan Muhammad Saqib _9100365 |
||
| 110 |
_aProject Supervisor: Kanwal Naveed Anas bin Aqeel Uzair Khaleeq uz Zaman Sehrish Shahnawaz _9100366 |
||
| 245 | _aPR-SOF-2140-Design and Development of Micro UAV (Sweeping Wing) | ||
| 260 |
_aISLAMABAD: _bNUST COLLEGE OF EME, _c2022. |
||
| 650 |
_aDE-MTS-40 _998604 |
||
| 942 |
_2ddc _cPR |
||
| 999 |
_c591834 _d591834 |
||